00322nam a2200121Ia 450000500170000000800410001708200130005810000230007124500280009426000380012230000130016050000270017320250430052357.0240331s9999 xx 000 0 und d bWEEa891 aWeerasuriya, P.D.S 0aMatara sahithya wansaya aColombobM.D.Gunasena Booksc1972 a566 p ., aMatara Sakithiya Wansa